| 000 | 00450nam a2200181Ia 4500 | ||
|---|---|---|---|
| 001 | 22414 | ||
| 005 | 20260414150829.0 | ||
| 008 | 260414t2008||||xx |||||||||||||| ||spa|| | ||
| 041 | _aESP | ||
| 082 |
_a621.381 _bM86 |
||
| 100 |
_aMoratal Pérez, David _eAUT |
||
| 245 | 0 |
_aPrácticas de técnicas básicas de laboratorio _b |
|
| 260 | _c2008 | ||
| 300 |
_a270 páginas : _c24 cm. |
||
| 650 | _aTCA | ||
| 654 | _aCET | ||
| 942 |
_cLIB _dJUS _fJUS _2ddc _n |
||
| 999 |
_c22414 _d22414 |
||